书目信息 |
| 题名: |
声乐曲集
|
|
| 作者: | 罗卉 编 | |
| 分册: | 上册 女高音 | |
| 出版信息: | 北京 高等教育出版社 2002 |
|
| 页数: | 245页 | |
| 开本: | 26cm | |
| 丛书名: | ||
| 单 册: | ||
| 中图分类: | J652 , J652.31 | |
| 科图分类: | ||
| 主题词: | 练声曲--世界--选集 , 女高音--独唱--练声曲--世界--选集 , 练声曲 , 女高音 , 独唱 | |
| 电子资源: | ||
| ISBN: | 7-04-010342-7 | |
| 000 | 00817nam0 2200277 450 | |
| 001 | 1240989837 | |
| 005 | 20121019164247.60 | |
| 010 | @a7-04-010342-7@dCNY27.10 | |
| 100 | @a20020905d2002 em y0chiy0110 ea | |
| 101 | 0 | @achi |
| 102 | @aCN@b110000 | |
| 105 | @ag z 000yy | |
| 200 | 1 | @a声乐曲集@Asheng yue qu ji@i女高音@h上册@f罗卉编 |
| 210 | @a北京@c高等教育出版社@d2002 | |
| 215 | @a245页@d26cm | |
| 330 | @a本书分中国作品和外国作品两部分。收入声乐曲约230首,其中有:大海啊,故乡;长城谣;踏雪寻梅;跑马溜溜的山上等。 | |
| 606 | 0 | @a练声曲@y世界@j选集 |
| 606 | 0 | @a女高音@x独唱@x练声曲@y世界@j选集 |
| 606 | 0 | @a练声曲 |
| 606 | 0 | @a女高音 |
| 606 | 0 | @a独唱 |
| 690 | @aJ652@v4 | |
| 690 | @aJ652.31@v4 | |
| 701 | 0 | @a罗卉@Aluo hui@4编 |
| 801 | 0 | @aCN@bNLC@c20101222 |
| 905 | @a10447@dJ652@eJY101:1 | |
| 声乐曲集.女高音.上册/罗卉编.-北京:高等教育出版社,2002 |
| 245页;26cm |
| ISBN 7-04-010342-7:CNY27.10 |
| 本书分中国作品和外国作品两部分。收入声乐曲约230首,其中有:大海啊,故乡;长城谣;踏雪寻梅;跑马溜溜的山上等。 |
| ● |
| 相关链接 |
|
|
|
|
正题名:声乐曲集
索取号:J652/JY101:1
 
预约/预借
| 序号 | 登录号 | 条形码 | 馆藏地/架位号 | 状态 | 备注 |
| 1 | 7834061 | 278340617 | 学院路分馆/ [索取号:J652/JY101:1] | 在馆 | |
| 2 | 7834172 | 278341723 | 学院路分馆/ [索取号:J652/JY101:1] | 在馆 | |
| 3 | 7834173 | 278341732 | 学院路分馆/ [索取号:J652/JY101:1] | 在馆 | |
| 4 | 7834174 | 278341741 | 学院路分馆/ [索取号:J652/JY101:1] | 在馆 | |
| 5 | 7834175 | 278341750 | 学院路分馆/ [索取号:J652/JY101:1] | 在馆 | |
| 6 | 7834176 | 278341769 | 学院路分馆/ [索取号:J652/JY101:1] | 在馆 | |
| 7 | 7834177 | 278341778 | 学院路分馆/ [索取号:J652/JY101:1] | 在馆 |